书目信息 |
| 题名: |
爱情心理学
|
|
| 作者: | 弗洛伊德 著 ;李慧泉 译 | |
| 分册: | ||
| 出版信息: | 北京 民主与建设出版社有限责任公司 2016 |
|
| 页数: | 210页 | |
| 开本: | 21cm | |
| 丛书名: | 读美文库 心理学经典系列 | |
| 单 册: | ||
| 中图分类: | C913.14 | |
| 科图分类: | ||
| 主题词: | 恋爱心理学--lian ai xin li xue | |
| 电子资源: | ||
| ISBN: | 978-7-5139-1126-9 | |
| 000 | 01389nam0 22003491 450 | |
| 001 | 1761075057 | |
| 005 | 20170619172013.0 | |
| 010 | @a978-7-5139-1126-9@dCNY32.00 | |
| 100 | @a20161101d2016 em y0chiy50 ea | |
| 101 | 1 | @achi@cger |
| 102 | @aCN@b110000 | |
| 105 | @aa z 000yy | |
| 106 | @ar | |
| 200 | 1 | @a爱情心理学@9ai qing xin li xue@f(奥)弗洛伊德(Sigmund Freud)著@g李慧泉译 |
| 210 | @a北京@c民主与建设出版社有限责任公司@d2016 | |
| 215 | @a210页@c图@d21cm | |
| 225 | 2 | @a读美文库 心理学经典系列@9du mei wen ku xin li xue jing dian xi lie |
| 300 | @a性学大师金赛点评版 | |
| 312 | @a封面副题名:恰到好处的亲密 | |
| 312 | @a译者序题:曾译名《性学三论》 | |
| 312 | @a封底英文题名:Three essays on the theroy of sexuality | |
| 330 | @a本书是一部百科全书式的性教育读本,弗洛伊德结合实际案例,揭露了人性中最重要、最隐蔽的一个方面:其中涉及性心理学、性社会学、性伦理学、性风俗、性法学、性健康教育。 | |
| 461 | 0 | @12001 @a读美文库 心理学经典系列 |
| 510 | 1 | @aThree essays on the theroy of sexuality@zeng |
| 517 | 1 | @a恰到好处的亲密@9qia dao hao chu de qin mi |
| 517 | 1 | @a性学三论@9xing xue san lun |
| 606 | 0 | @a恋爱心理学@9lian ai xin li xue |
| 690 | @aC913.14@v5 | |
| 701 | 0 | @c(奥)@a弗洛伊德@9fu luo yi de@c(Freud, Sigmund@f1856~1939)@4著 |
| 702 | 0 | @a李慧泉@9li hui quan@4译 |
| 801 | 0 | @aCN@b百万庄@c20170619 |
| 905 | @b1014339-44@dC913.14@e1047@f6 | |
| 爱情心理学/(奥)弗洛伊德(Sigmund Freud)著/李慧泉译.-北京:民主与建设出版社有限责任公司,2016 |
| 210页:图;21cm.-(读美文库 心理学经典系列) |
| 性学大师金赛点评版 |
| ISBN 978-7-5139-1126-9:CNY32.00 |
| 本书是一部百科全书式的性教育读本,弗洛伊德结合实际案例,揭露了人性中最重要、最隐蔽的一个方面:其中涉及性心理学、性社会学、性伦理学、性风俗、性法学、性健康教育。 |
| ● |
| 相关链接 |
|
|
|
|
正题名:爱情心理学
索取号:C913.14/1047
 
预约/预借
| 序号 | 登录号 | 条形码 | 馆藏地/架位号 | 状态 | 备注 |
| 1 | 1014339 | 210143398 | 第一样本阅览室/ [索取号:C913.14/1047] | 在馆 | |
| 2 | 1014340 | 210143405 | 教育系资料室/ [索取号:C913.14/1047] | 在馆 | |
| 3 | 1014341 | 210143414 | 教育系资料室/ [索取号:C913.14/1047] | 在馆 | |
| 4 | 1014342 | 210143423 | 教育系资料室/ [索取号:C913.14/1047] | 在馆 | |
| 5 | 1014343 | 210143432 | 第一借阅区/ [索取号:C913.14/1047] | 在馆 | |
| 6 | 1014344 | 210143441 | 第一借阅区/ [索取号:C913.14/1047] | 在馆 |